000 00523nam a2200217Ia 4500
003 OSt
005 20220924133358.0
006 a|||||r|||| 00| 0
007 ta
008 220923b |||||||| |||| 00| 0 snd d
024 _a265067
037 _cTextual
040 _aARTS
_cARTS
_bsnd
041 _2snd
_asnd
082 _aR5, 1593M1
100 _aBhavanani K. C.
_9206296
245 0 _aPanja ganja
260 _c1981
942 _hR5, 1593M1
_cTEXL
_2CC
999 _c433609
_d433609